Quizzes
Events
Quiz Creation
Community
Videos
Private Events
Remove Ads
Sign In
Join for FREE
Feedback
Dark Mode
Quiz Categories
Sports
Geography
Music
Movies
Television
Just For Fun
Miscellaneous
History
Literature
Language
Science
Gaming
Entertainment
Religion
Holiday
For Kids
Quiz Lab
Recent
Popular Today
Quiz Kudos Today
Editor Picks
Curator Picks
Quizzes by...
Day
Popularity
Type
Ratings
Length
Year
Community
Subscriptions
Recent Discussions
Orange Saloon
Badges
Playlists
Quests
Create
Leaderboards
Showdown
Live 5
Trivia Bingo
Activity
Puzzle Library
Sporcle Events
Private Events
Virtual Trivia
Globe League
Become a Host
Pub Owners
SporcleCon
Opinionation
Our Games
Videos
Blog
Mobile Apps
Partnerships
Remove Ads and Go Orange
Feedback
Movies
Disney
Marvel Cinematic Universe
Movie Resume
Movie Titles
Oscar
Actor
Actress
Director
Pixar
Role
Movie Quotes
Movie Characters
Box Office
Nominee
Best Picture
Star Wars
James Bond
Horror Movies
Movies
Disney
Marvel Cinematic Universe
Movie Resume
Movie Titles
Oscar
Actor
Actress
Director
Pixar
Role
Movie Quotes
Movie Characters
Box Office
Nominee
Best Picture
Star Wars
James Bond
Horror Movies
Random Quiz
Search Sporcle
×
Quiz Lab
Quiz Lab
Movies
Actor
Type in answers that appear in a list
Type in answers that appear in a list
Classic
Best Score? Go Orange.
Big Lebowski Characters Stats
Can you name the Big Lebowski Characters?
By
deej
7m
22 Questions
639 Plays
639 Plays
639 Plays
Comments
Comments
Give Quiz Kudos
Give Quiz Kudos
-
- Ratings
hide this ad
Forced Order
Answers have to be entered in order
Answers have to be entered in order
Replay
Link that replays current quiz
Next Quiz
Link to next quiz in quiz playlist
You Got
0%
They Got
Avg Score
46%
Avg Friend Score
Upgrade to see
Score Distribution
Jump to the score distribution portion of the page
Score
0/22
Timer
07:00
0
Plays Today
Actor
% Correct
Jeff Bridges
The Dude
99.4%
John Goodman
Walter Sobchak
95%
Steve Buscemi
Theodore Donald 'Donny' Kerabatsos
92.9%
Tara Reid
Bunny Lebowski
86.8%
Julianne Moore
Maude Lebowski
84.2%
David Huddleston
The Big Lebowski
79.5%
John Turturro
Jesus Quintana
70.5%
Philip Seymour Hoffman
Brandt
70.1%
Sam Elliott
The Stranger
48%
Flea
Kieffer(Nihilist)
43.7%
Peter Stormare
Uli Kunkel/Karl Hungus (Nihilist)
39%
Actor
% Correct
Torsten Voges
Franz(Nihilist)
35.1%
Ben Gazzara
Jackie Treehorn
33.1%
Aimee Mann
Nine-toed Nihilist
21.9%
Jimmie Dale Gilmore
Smokey
21.5%
Philip Moon
Woo (Treehorn Thug)
20.8%
Mark Pellegrino
Blond Treehorn Thug
16.9%
Jon Polito
Da Fino
16.3%
David Thewlis
Knox Harrington
14.7%
Jesse Flanagan
Little Larry Sellers
14.4%
Jack Kehler
Marty
13.3%
Jerry Haleva
Saddam Hussein
6.6%
Quiz Playlist
Details
Report
Send in Message
Add To Playlist
Classic:
Type in answers that appear in a list
Forced Order:
Answers have to be entered in order
Quiz Source
Last Updated: Feb 16, 2017
Quiz Scoreboard
CHALLENGE
Sign Up to Join the Scoreboard
Show All
Scores
Hide
Comments
May contain spoilers
Recently Published
Billboard Blitz: Fleetwood Mac
by CooCooCachoo
Music
15s
Presidents Visiting Landmarks
by Hejman
History
7m
An Introduction to Baseball
by treessimontrees
Sports
5m
More to Explore
Quiz From the Vault
Featured Blog Post
Where Did the Easter Bunny Come From?
hide this ad
You Might Also Like...
Tags
Actor Quiz
Character
The Big Lebowski
Today's Top Quizzes in Movies
Browse Movies
hide this ad
Today's Top Quizzes in Actor
Browse Actor
Top Contributed Quizzes in Movies
1
Pick 5 Posters: Directed by Spielberg
2
7-to-1: Pixar Characters
3
Pick 5 Posters: Lowest-Rated Spielberg
4
Sorting Actors
5
Pick 5 Posters: Directed by Scorsese
6
Sorting Actresses
7
Pick 5 Posters: Star & Director
8
Pick 5 Posters: Women Directed 2020s
9
12 Movies about Fictional 1960s Events
10
Multi-Oscar Nominations, One Movie, One Winner
Explore More
Trending Topics
Harry Potter
Kpop
Anime
Marvel
Crossword
Disney
NBA
NFL
Pokémon
Song
WWE
Country
The Office
Puzzle
Soccer
hide this ad
More By:
deej
Quiz
Plays
Rating
Category
Featured
Created
MLB 40-HRs by 4-Letter Players
176,934
4.01
Sports
Oct 1, 2009
MLB 300 HR with 1 Team
143,179
4.63
Sports
Jun 21, 2010
MLB Pitching Rotations (2000s)
132,829
4.52
Sports
Mar 16, 2010
MLB Batting Title Blitz - 2010s
76,614
4.40
Sports
Oct 23, 2012
MLB 30 HR Seasons (1990s)
74,877
4.64
Sports
Jun 2, 2013
Go to Creator's Profile
Score Distribution
Quiz Creator Spotlight
deej
Follow
Send a Message
Quizzes Created
-
Created Quiz Play Count
-
More By This Creator
Popular Quizzes Today
1
Find the US States - No Outlines Minefield
2
Find the Countries of Europe - No Outlines Minefield
3
The Countries of the World
4
Find the US States
5
US States
6
Risky Map Clicking: Biggest States A-Z
7
Popular People in 1961
8
Movies - When Are They Set?
More Movies Quizzes
Disney Companions
Published
Trending Quizzes
Risky Map Clicking: Least Populous States A-Z
1-10 Letter G Words
1-10 Letter F Words
Risky Map Clicking: Next State Alphabetically
Risky Map Clicking: Biggest States A-Z
Recently Updated
Leaping Animals
pecheneg
Reality TV Shows (A-Z)
bhenderson79
Rickey Henderson's Hall of Fame Teammates
pecheneg
Champions League XIs: Arsenal
pecheneg
Quick Pick: Celebrities in WWE's Hall of Fame
aduchscher
A-Z Keypad Blitz II
pecheneg
Multiple Oscar Actors
pecheneg
Mystery Phrase Blitz: Oscar 'Best Actors'
pecheneg
F. Scott Fitzgerald Novels
LTH
Pick 3 Villains
ddd62291
Trending Topics
Anime
NBA
Marvel
Crossword
Disney
Harry Potter
Kpop
The Office
Soccer
Puzzle
Song
Country
NFL
Pokémon
WWE
Your Account Isn't Verified!
In order to create a playlist on Sporcle, you need to verify the email address you used during registration. Go to your
Sporcle Settings
to finish the process.
Report this User
Report this user for behavior that violates our
Community Guidelines
.
Details:
Send Report
Go to the Sporcle.com Mobile Site →
Comments